000 00294nam a2200109Ia 4500
008 180323s9999 xx 000 0 und d
020 _a894800159
100 _aEisenberg, Arlene
245 _aWhat to eat when you're expecting /
260 _aNew York :
_b1986
_cWorkman pub
300 _a346 pages
999 _c356369
_d356369